00790nam a2200229 i 4500001001000000003000900010005001700019007000300036008004100039040003000080082000700110100002000117245007700137264005200214300002700266336002700293337003300320338002800353500007300381500007600454504003000530000043743DO-SdBNP20230515154735.0ta140422s2002 dr 000 0 spa d aDO-SdBNPbspacBNPHUerda 42221 aLinares, Manuel10aPolítica, propuestas y reforma electoral en la UASD /cManuel Linares. aSanto Domingo :bSomos Artes Gráficas,c2002. a94 páginas ;c22 cm. 2rdacontentatextobtxt 2rdamediaasin mediaciónbn 2rdacarrieravolumenbnc aIncluye referencias bibliográficas y notas al pie de las páginas aIncluye datos biográficos del autor en la solapa de la contracubierta aBibliografía : p. 93-94